| 000 | 00774cam a22002531 4500 | ||
|---|---|---|---|
| 001 | 8666 | ||
| 003 | BD-RjUL | ||
| 005 | 20211208234629.0 | ||
| 008 | 140119r19551937enka 000 0 eng d | ||
| 035 | _a(BD-RjUL)8711 | ||
| 035 | _a(OCoLC)1332423 | ||
| 040 |
_aDLC _cDSI _dOCoLC _dDLC _d(BD-RjUL) _beng |
||
| 041 | _aeng | ||
| 082 | 0 | 0 |
_a532 _bJAI |
| 100 | 1 |
_aJameson, Alexander Hope, _d1874-1937. _926987 |
|
| 245 | 0 | 3 |
_aAn introduction to fluid mechanics / _cby Alex. H. Jameson ... |
| 260 |
_aLondon : _aNew York, [etc.] _bLongmans, Green and Co. _c[1937] [Reprent 1955] |
||
| 300 |
_ax, 239 p. : _billus., diagrs. ; _c23 cm. |
||
| 500 | _a"First published 1937." | ||
| 650 | 0 |
_aFluid mechanics. _94938 |
|
| 942 |
_2ddc _cBK |
||
| 999 |
_c8666 _d8666 |
||